000 00493nam a22001817a 4500
003 OSt
005 20220107122830.0
008 170721b xxu||||| |||| 00| 0 eng d
040 _cIIITMK
100 _aSwathy S Nair (93615035)
_912362
245 _aChatbot - intelligent insurance agent
300 _aCSIS-Main Project
502 _bCSIS
_c2015-2017
_dINT
_eDr Elizabeth Sherly
650 _aDATA ANALYSIS
_912363
650 _aINSURANCE
_912364
650 _aCHATBOT
_912365
942 _2ddc
_cPR
999 _c5746
_d5746